000 00589nam a2200229Ia 4500
003 OSt
005 20220925203048.0
006 a|||||r|||| 00| 0
007 ta
008 220923b |||||||| |||| 00| 0 eng d
037 _cGeneral Book
040 _aRTL
_cRTL
_beng
041 _2eng
_aeng
082 _aX:72, M3
100 _aJhingan M. L.
245 0 _aMacroeconomics theory
260 _aDelhi
_bVikas India
_c1983
300 _a625p.
_ccm.
650 _aMacroeconomics
_9186166
942 _hX:72, M3
_cGB
_2CC
999 _c545070
_d545070